000 00857nam a2200217Ii 4500
003 JO-AjNU
008 230605s9999||||xx |||||||||||||| ||und||
040 _aJO-AjNU
_bara
_erda
_cJO-AjNU
041 _aara
050 1 4 _aHC498.1998
100 3 _aالامام،محمد محمود,
_eauthor
_932871
245 0 0 _aتطور الأطر المؤسسية للاتحاد الاوروبي: الدروس المستفادة للتكامل العربي
250 _aط1
264 3 1 _aالقاهرة:المنظمة العربية للتنمية الإدارية،1998
300 _a365ص
336 _atext
_btxt
_2rdacontent
337 _aunmediated
_bn
_2rdamedia
338 _avolume
_bnc
_2rdacarrier
490 0 _aبحوث ودراسات ؛ 349 
650 4 _aالاتحاد الاوروبي-البلاد العربية -- تكامل اقتصادي
_932872
999 _aA13319
_c16887
_d16887